Statistics for NHL Hockey Cities Map Quiz

Click here to take the quiz!

General Stats

  • This quiz has been taken 44,994 times
    (26,111 since last reset)
  • The average score is 19 of 28

Answers on the Map

Answers color-coded by a green-red scale on the quiz's map according to % correct below.
Loading ...
 

Answer Stats

Answer% Correct
Canucks
82%
Devils
Islanders
Rangers
76%
Red Wings
73%
Stars
72%
Canadiens
70%
Golden Knights
70%
Blackhawks
70%
Wild
70%
Lightning
69%
Bruins
69%
Maple Leafs
68%
Jets
68%
Penguins
68%
Flames
68%
Coyotes
67%
Avalanche
66%
Ducks
Kings
65%
Sharks
64%
Capitals
64%
Predators
64%
Oilers
64%
Sabres
63%
Hurricanes
62%
Panthers
60%
Blue Jackets
60%
Blues
60%
Flyers
57%
Senators
56%

Score Distribution

Percentile by Number Answered

Percent of People with Each Score

Your Score History

You have not taken this quiz since the last reset